History Quiz

Random History or Biography Quiz

Profile: George Washington Quiz Stats

 Plays Quiz Updated Feb 22, 2019

Score 0/20 Timer 04:00
1 Play Today
Hint Answers % Correct
Colony BornVirginia
91.5%
Served as the ___ President of the United States1st
90.5%
As a child, there is a legend that he chopped down this treeCherry
89.9%
SpouseMartha
88.8%
General in this warAmerican Revolution
87.8%
Vice PresidentJohn Adams
87.1%
Featured on this US coinQuarter
85.2%
Crossed this river in the same warDelaware
83.4%
Year elected president1789
81%
Inaugurated in this cityNew York City
78.1%
Hint Answers % Correct
First Secretary of TreasuryAlexander Hamilton
75.3%
Year died1799
75.1%
HomeMount Vernon
74.1%
Year born1732
68.3%
Presided over the Constitutional Convention, whose goal was to replace this documentArticles of Confederation
61.5%
Teeth made of _____Ivory
59.7%
Winter Quarters of Continental Army 1777-1778Valley Forge
58.7%
ReligionChurch of England
55.8%
Political PartyNone (Only President without one)
52.9%
Zodiac SignPisces
41.1%

You're not logged in!

Compare scores with friends on all Sporcle quizzes.
OR
Log In

Sporcle TV

Today on Sporcle TV


Watch our educational content, quiz creation guides, and fun videos on Sporcle TV.

Show Comments

Extras

Top Quizzes Today


Score Distribution

Your Account Isn't Verified!

In order to create a playlist on Sporcle, you need to verify the email address you used during registration. Go to your Sporcle Settings to finish the process.

Report this User

Report this user for behavior that violates our Community Guidelines.

Details: